[Event "SVK-ch Open 2018"]
[Site "Banska Stiavnica"]
[Date "2018.07.09"]
[Round "3"]
[White "Paksi, Gyula"]
[Black "Bednar, Jan"]
[Result "1/2-1/2"]
[WhiteElo "1811"]
[BlackElo "2010"]
[Annotator "NA"]
[PlyCount "115"]
[EventDate "2018.07.07"]
[EventType "swiss"]
[EventCountry "SVK"]
[SourceTitle "playchess.com"]
[Source "ChessBase"]
[SourceQuality "1"]
[TimeControl "40/5400+30:1800+30"]

1. d4 {[%emt 0:00:00]} Nf6 {[%emt 0:00:00]} 2. Bf4 {[%emt 0:00:00]} g6 {[%emt 0:00:05]} 3. e3 {[%emt 0:00:16]} Bg7 {[%emt 0:00:08]} 4. Nd2 {[%emt 0:00:19]} d6 {[%emt 0:00:22]} 5. Ngf3 {[%emt 0:00:23]} O-O {[%emt 0:00:08]} 6. c3 {[%emt 0:01:00]} b6 {[%emt 0:01:09]} 7. h3 {[%emt 0:00:44]} Bb7 {[%emt 0:00:07]} 8. Be2 {[%emt 0:00:14]} Nbd7 {[%emt 0:00:45]} 9. O-O {[%emt 0:00:24]} c5 {[%emt 0:02:19]} 10. Qc2 {[%emt 0:02:01]} Rc8 {[%emt 0:00:49]} 11. Rfe1 {[%emt 0:01:44]} Rc7 {[%emt 0:03:21]} 12. a4 {[%emt 0:01:24]} Re8 {[%emt 0:04:48]} 13. a5 {[%emt 0:00:43]} e5 {[%emt 0:02:43]} 14. axb6 {[%emt 0:03:13]} axb6 {[%emt 0:00:07]} 15. dxe5 $16 {[%emt 0:01:57]} dxe5 {[%emt 0:04:22]} 16. Bh2 {[%emt 0:01:46]} Bc6 {[%emt 0:06:42]} 17. Red1 {[%emt 0:04:17]} Qe7 {[%emt 0:09:17]} 18. Nc4 {[%emt 0:05:40]} Ne4 {[%emt 0:16:10]} 19. Ncd2 {[%emt 0:07:31]} Ng5 20. Nxg5 {[%emt 0:05:15]} Qxg5 {[%emt 0:08:27]} 21. Bf3 {[%emt 0:01:27]} Bxf3 {[%emt 0:03:47]} 22. Nxf3 {[%emt 0:00:19]} Qe7 {[%emt 0:00:14]} 23. Rd5 {[%emt 0:04:27]} b5 {[%emt 0:05:53]} 24. Rad1 {[%emt 0:08:15]} Nb6 {[%emt 0:02:14]} 25. Rd6 {[%emt 0:02:27]} Rb7 {[%emt 0:02:44]} 26. b3 {[%emt 0:02:59]} c4 {[%emt 0:03:42]} 27. Bg3 {[%emt 0:03:54]} h6 {[%emt 0:11:05]} 28. Kh2 {[%emt 0:06:06]} e4 {[%emt 0:03:17]} 29. Ng1 {[%emt 0:05:57]} Be5 {[%emt 0:01:24]} 30. Bxe5 {[%emt 0:00:55]} Qxe5+ {[%emt 0:00:04]} 31. Kh1 {[%emt 0:01:06]} cxb3 {[%emt 0:02:38]} 32. Qxb3 {[%emt 0:00:27]} Na4 {[%emt 0:00:46]} 33. Rd7 {[%emt 0:05:46]} Rxd7 {[%emt 0:01:42]} 34. Rxd7 {[%emt 0:00:16]} Qe6 {[%emt 0:00:06]} 35. Qxb5 {[%emt 0:01:59]} Nxc3 {[%emt 0:01:23]} 36. Qb7 {[%emt 0:00:57]} Na4 {[%emt 0:02:11]} 37. Rd2 {[%emt 0:01:43]} Nc5 {[%emt 0:00:07]} 38. Qb5 {[%emt 0:04:20]} Nd3 {[%emt 0:00:26]} 39. f3 {[%emt 0:02:29]} Ne5 {[%emt 0:00:19]} 40. fxe4 {[%emt 0:00:57]} Nc4 {[%emt 0:00:23]} 41. Rd4 {[%emt 0:32:38]} Rc8 {[%emt 0:32:06]} 42. Qb3 {[%emt 0:03:49]} Qc6 {[%emt 0:00:00]} 43. Qd3 {[%emt 0:00:00]} Kg7 {[%emt 0:00:00]} 44. Rd5 {[%emt 0:00:00]} Qf6 {[%emt 0:00:00]} 45. Qd4 {[%emt 0:00:00]} Qxd4 {[%emt 0:00:00]} 46. exd4 {[%emt 0:00:00]} Ne3 {[%emt 0:00:00]} 47. Rc5 {[%emt 0:00:00]} Rxc5 {[%emt 0:00:00]} 48. dxc5 {[%emt 0:00:00]} Kf8 {[%emt 0:00:00]} 49. Nf3 {[%emt 0:00:00]} Nc4 {[%emt 0:00:00]} 50. Kg1 {[%emt 0:00:00]} Ke7 {[%emt 0:00:00]} 51. Kf2 {[%emt 0:00:00]} Kd7 {[%emt 0:00:00]} 52. Nd4 {[%emt 0:00:00]} Kc7 {[%emt 0:00:00]} 53. Kf3 {[%emt 0:00:00]} Ne5+ {[%emt 0:00:00]} 54. Ke3 {[%emt 0:00:00]} Nd7 {[%emt 0:00:00]} 55. c6 {[%emt 0:00:00]} Ne5 {[%emt 0:00:00]} 56. Kf4 {[%emt 0:00:00]} Nd3+ {[%emt 0:00:00]} 57. Ke3 {[%emt 0:00:00]} Ne5 {[%emt 0:00:00]} 58. Kf4 {[%emt 0:00:00] Kd7} 1/2-1/2